[Event "38th ch-IND w 2011"]
[Site "Chennai IND"]
[Date "2011.11.03"]
[Round "6"]
[White "Meera,S"]
[Black "Divyasri,C"]
[Result "1/2-1/2"]
[WhiteElo "2117"]
[BlackElo "2129"]

1.e4 e5 2.Nf3 Nc6 3.Bb5 a6 4.Ba4 Nf6 5.O-O Be7 6.Re1 b5 7.Bb3 d6 8.c3 O-O
9.h3 Nb8 10.d4 Nbd7 11.Nbd2 Bb7 12.Bc2 Re8 13.Nf1 Bf8 14.Ng3 g6 15.b3 Bg7
16.d5 Rc8 17.Bg5 c6 18.c4 h6 19.Be3 Nb6 20.Rb1 Rb8 21.Qe2 Nfd7 22.Red1 cxd5
23.cxd5 Nc5 24.a4 bxa4 25.Bxc5 dxc5 26.bxa4 Bf8 27.a5 Nc8 28.Ba4 Re7 29.d6 Nxd6
30.Rb6 Re6 31.Bb3 Re8 32.Ba4 Re6 33.Bb3 Re8 34.Ba4 Re6 35.Bb3 Re8  1/2-1/2

[Event "2nd Brno Open"]
[Site "Brno CZE"]
[Date "2011.11.15"]
[Round "5"]
[White "Vermirovsky,V"]
[Black "Semenova,El1"]
[Result "1/2-1/2"]
[WhiteElo "1991"]
[BlackElo "2182"]

1.e4 e5 2.Nf3 Nc6 3.Bb5 a6 4.Ba4 Nf6 5.O-O Be7 6.Re1 b5 7.Bb3 d6 8.c3 O-O
9.h3 Nb8 10.d4 Nbd7 11.Nbd2 Bb7 12.Bc2 Re8 13.Nf1 Bf8 14.Ng3 g6 15.b3 Bg7
16.d5 Nb6 17.Bd3 c5 18.c4 bxc4 19.bxc4 Bc8 20.Bg5 Bd7 21.Qd2  1/2-1/2

[Event "TCh-FIN SM-Liiga 2011-12"]
[Site "Porvoo FIN"]
[Date "2011.11.19"]
[Round "5.2"]
[White "Agopov,M"]
[Black "Martynov,P1"]
[Result "1-0"]
[WhiteElo "2445"]
[BlackElo "2420"]

1.e4 e5 2.Nf3 Nc6 3.Bb5 a6 4.Ba4 Nf6 5.O-O Be7 6.Re1 b5 7.Bb3 d6 8.c3 O-O
9.h3 Nb8 10.d4 Nbd7 11.Nbd2 Bb7 12.Bc2 Re8 13.a4 Bf8 14.Bd3 c6 15.Qc2 Nb6
16.b3 Rc8 17.axb5 cxb5 18.d5 Nfd7 19.Nf1 Nc5 20.Ne3 Rc7 21.Bf1 Qb8 22.Bd2 Bc8
23.g4 Bd7 24.g5 Rec8 25.Ng4 Ra7 26.Ra5 Nb7 27.Ra2 a5 28.Qd1 Qc7 29.Nh4 Nc5
30.Re3 Be7 31.b4 Nca4 32.Rg3 Kh8 33.Qf3 Rf8 34.Nf6 g6 35.Nf5 Bxf5 36.exf5 Nc4
37.Bc1 axb4 38.cxb4 Nab6 39.Rc2 Qb7 40.Bg2 Ra1 41.Qg4 Qc8 42.Be4 Bxf6 43.gxf6 Nd7
44.Qh4 g5 45.Rxg5 Rg8 46.Kh2 Rxg5 47.Bxg5 Qd8 48.f3 Rb1 49.Rxc4  1-0

[Event "TCh-NED Meesterklasse 2011-12"]
[Site "Netherlands NED"]
[Date "2011.12.17"]
[Round "4.3"]
[White "Cuijpers,F"]
[Black "Jens,J"]
[Result "1/2-1/2"]
[WhiteElo "2435"]
[BlackElo "2382"]

1.e4 e5 2.Nf3 Nc6 3.Bb5 a6 4.Ba4 Nf6 5.O-O Be7 6.Re1 b5 7.Bb3 d6 8.c3 O-O
9.h3 Nb8 10.d4 Nbd7 11.Nbd2 Bb7 12.Bc2 Re8 13.Nf1 Bf8 14.Ng3 g6 15.Bd2 Bg7
16.Qc1 d5 17.dxe5 Nxe4 18.Nxe4 dxe4 19.Bxe4 Bxe4 20.Rxe4 Nxe5 21.Nxe5 Rxe5
22.Rxe5 Bxe5 23.Bg5 Qd5 24.Qd1  1/2-1/2

[Event "UTD GM Invitational"]
[Site "Richardson USA"]
[Date "2011.12.18"]
[Round "6"]
[White "Wang Puchen"]
[Black "Bercys,S"]
[Result "1/2-1/2"]
[WhiteElo "2441"]
[BlackElo "2464"]

1.e4 e5 2.Nf3 Nc6 3.Bb5 a6 4.Ba4 Nf6 5.O-O Be7 6.Re1 b5 7.Bb3 d6 8.c3 O-O
9.h3 Nb8 10.d4 Nbd7 11.c4 Bb7 12.Nc3 b4 13.Nd5 a5 14.Ba4 c6 15.Nxf6+ Bxf6
16.Be3 Qe7 17.d5 c5 18.Bxd7 Qxd7 19.Qd2 g6 20.Bh6 Bg7 21.h4 g5  1/2-1/2

[Event "Cracovia Open A"]
[Site "Krakow POL"]
[Date "2011.12.28"]
[Round "2.8"]
[White "Moliboga,V"]
[Black "Baryshpolets,A"]
[Result "1-0"]
[WhiteElo "2251"]
[BlackElo "2477"]

1.e4 e5 2.Nf3 Nc6 3.Bb5 a6 4.Ba4 Nf6 5.O-O Be7 6.Re1 b5 7.Bb3 d6 8.c3 O-O
9.h3 Nb8 10.d4 Nbd7 11.Nbd2 Bb7 12.Bc2 Re8 13.Nf1 Bf8 14.Ng3 g6 15.b3 c5
16.d5 Nb6 17.Be3 a5 18.Bd3 c4 19.bxc4 bxc4 20.Bc2 Qc7 21.Rb1 Nfd7 22.h4 Nc5
23.h5 Ba6 24.Nh2 Nbd7 25.Ng4 Reb8 26.Qf3 Rxb1 27.Rxb1 Bg7 28.hxg6 hxg6 29.Nh6+ Bxh6
30.Bxh6 Qd8 31.Qg4 Nd3 32.Bg5 f6 33.Be3 Nf8 34.Rb6 Bc8 35.Qd1 Nf4 36.Qb1 Ba6
37.Ba4 Bc8 38.Rb8 Rxb8 39.Qxb8 Nd3 40.Bb6 Nd7 41.Bxd8 Nxb8 42.Bxa5 Nc1 43.Bc7 Nd7
44.Bxd6 Nb6 45.Bb5 Nxa2 46.Ne2 f5 47.Bxe5 fxe4 48.Bd4 Bd7 49.Bxd7 Nxd7 50.Kf1  1-0

[Event "48th Groningen Open A"]
[Site "Groningen NED"]
[Date "2011.12.29"]
[Round "8.10"]
[White "Brandenburg,D"]
[Black "Tarasova,Viktoriy"]
[Result "1-0"]
[WhiteElo "2519"]
[BlackElo "2294"]

1.e4 e5 2.Nf3 Nc6 3.Bb5 a6 4.Ba4 Nf6 5.O-O Be7 6.Re1 b5 7.Bb3 d6 8.c3 O-O
9.h3 Nb8 10.d4 Nbd7 11.Nbd2 Bb7 12.Bc2 Re8 13.Nf1 Bf8 14.Ng3 g6 15.b3 Bg7
16.d5 Rc8 17.Rb1 c6 18.c4 Qc7 19.Bd3 bxc4 20.bxc4 Nc5 21.Bf1 a5 22.Ba3 Nfd7
23.Qd2 Rb8 24.Nh2 h5 25.Nf3 Bf6 26.h4 cxd5 27.cxd5 Ba6 28.Rbc1 Bxf1 29.Nxf1 Qd8
30.g3 Qb6 31.Rc3 Rec8 32.Qc2 Qd8 33.N1d2 Be7 34.Rc1 Rb5 35.Nb3 Bf8 36.Nxc5 Nxc5
37.Rb1 Rxb1+ 38.Qxb1 Rb8 39.Qc2 Qe8 40.Kg2 f6 41.Nd2 a4 42.Nc4 Nb7 43.Nb2 Ra8
44.Rc4 f5 45.exf5 Qf7 46.fxg6 Qxd5+ 47.Kh2 Qf3 48.Rc3 Qf6 49.Rc7  1-0

[Event "48th Groningen Open A"]
[Site "Groningen NED"]
[Date "2011.12.30"]
[Round "9.8"]
[White "Pijpers,A"]
[Black "Klein,Da"]
[Result "0-1"]
[WhiteElo "2332"]
[BlackElo "2378"]

1.e4 e5 2.Nf3 Nc6 3.Bb5 a6 4.Ba4 Nf6 5.O-O Be7 6.Re1 b5 7.Bb3 d6 8.c3 O-O
9.h3 Nb8 10.d4 Nbd7 11.Nbd2 Bb7 12.Bc2 Re8 13.Nf1 Bf8 14.Ng3 g6 15.a4 Bg7
16.d5 Qb8 17.b3 c6 18.c4 bxc4 19.bxc4 Nc5 20.a5 Qc7 21.Be3 Nfd7 22.Qd2 cxd5
23.cxd5 Rab8 24.Rec1 Rec8 25.Ne1 Ba8 26.Nd3 Qd8 27.Nxc5 Nxc5 28.Bxc5 Rxc5
29.Bd3 Rxc1+ 30.Rxc1 Bf6 31.Qc3 Bg5 32.Rc2 Bb7 33.Rb2 Rc8 34.Qb4 Rc1+ 35.Kh2 Bc8
36.Qb6 Kg7 37.Bxa6 Bxa6 38.Qxa6 Ra1 39.Rb5 Qf6 40.Qb6 Qf4 41.Rb1 Rxb1 42.Qxb1 Qxf2
43.Nf1 Bd8 44.a6 Bb6 45.Nd2 Bc5 46.Nf3 Qe3 47.Qb7 h6 48.Qb8 Qf4+ 49.Kh1 Qc1+
50.Kh2 Qa1 51.Qb7 Be3 52.Kg3 Qa2 53.Kh2 Qa1 54.Kg3 Qf1 55.Qb2 Bf4+ 56.Kh4 Qxa6
57.g3 g5+ 58.Kh5 Qf1 59.gxf4 Qxf3+  0-1

[Event "Cracovia Open A"]
[Site "Krakow POL"]
[Date "2011.12.31"]
[Round "5.16"]
[White "Skawinski,A"]
[Black "Moliboga,V"]
[Result "1/2-1/2"]
[WhiteElo "2300"]
[BlackElo "2251"]

1.e4 e5 2.Nf3 Nc6 3.Bb5 a6 4.Ba4 Nf6 5.O-O Be7 6.Re1 b5 7.Bb3 O-O 8.h3 d6
9.c3 Nb8 10.d4 Nbd7 11.Nbd2 Bb7 12.Bc2 Re8 13.a4 Bf8 14.Bd3 c6 15.b3 Qc7
16.Qc2  1/2-1/2

[Event "TCh-AUT 2 Ost 2011-12"]
[Site "Vienna AUT"]
[Date "2012.01.14"]
[Round "5"]
[White "Pinter,E"]
[Black "Mihok,O"]
[Result "1-0"]
[WhiteElo "2383"]
[BlackElo "2445"]

1.e4 e5 2.Nf3 Nc6 3.Bb5 a6 4.Ba4 Nf6 5.O-O Be7 6.Re1 b5 7.Bb3 d6 8.c3 O-O
9.h3 Nb8 10.d4 Nbd7 11.Nbd2 Bb7 12.Bc2 Re8 13.b3 Bf8 14.d5 c6 15.c4 b4 16.Nf1 Nc5
17.N3h2 a5 18.g4 cxd5 19.exd5 g6 20.Ng3 Bg7 21.Be3 Nfd7 22.Qd2 Ba6 23.Rad1 Rb8
24.Rf1 a4 25.Bg5 Qb6 26.h4 e4 27.Be3 Qd8 28.g5 f5 29.f3 exf3 30.Nxf3 Qe7
31.Bf2 Ne4 32.Qf4 Nxf2 33.Rxf2 Qe3 34.Nd4 Bxd4 35.Rxd4 Qxf4 36.Rdxf4 Nc5
37.Ne2 axb3 38.axb3 Bb7 39.Nd4 Re3 40.R4f3 Re1+ 41.Rf1 Rxf1+ 42.Rxf1 Kf7
43.Ra1 Ra8 44.Rxa8 Bxa8 45.Kf2 Bb7 46.Ke3 Bc8 47.Ne2 Kg7 48.Nf4 h6 49.Nd3 Nxd3
50.Bxd3 hxg5 51.hxg5 Ba6 52.Kd4 Kf7 53.Be2 Ke7 54.Bf3 Kd7 55.c5 Ke7 56.c6 Bf1
57.Bd1 Bh3 58.Be2 Ke8 59.Ba6 Kd8 60.Bd3 Ke8 61.Bb5 Kd8 62.Be2 Ke8 63.Bd3 Kd8
64.Kc4 Bg2 65.Kd4 Bh3 66.Kc4 Bg2 67.Bxf5 gxf5 68.c7+ Kxc7 69.g6 Bf1+ 70.Kd4  1-0

[Event "20th Fajr Open"]
[Site "Tabriz IRI"]
[Date "2012.01.15"]
[Round "5.7"]
[White "Kovalev,An"]
[Black "Atanejhad,S"]
[Result "1-0"]
[WhiteElo "2517"]
[BlackElo "2165"]

1.e4 e5 2.Nf3 Nc6 3.Bb5 a6 4.Ba4 Nf6 5.O-O Be7 6.Re1 b5 7.Bb3 d6 8.c3 O-O
9.h3 Nb8 10.d4 Nbd7 11.Nbd2 Bb7 12.Bc2 Re8 13.b3 Bf8 14.d5 c6 15.c4 Qc7 16.Nf1 Rec8
17.Ne3 g6 18.Bd2 Nc5 19.Ng4 Nxg4 20.hxg4 a5 21.Rc1 Ba6 22.Bb1 bxc4 23.bxc4 Qd7
24.g5 cxd5 25.cxd5 Qd8 26.Be3 Bg7 27.Qd2 Bb5 28.Qb2 Bd7 29.Qa3 Qe7 30.Nd2 Bb5
31.Rc2 f5 32.Bxc5 dxc5 33.d6 Qd7 34.Rxc5 Rxc5 35.Qxc5 Rc8 36.Qd5+ Kh8 37.exf5 Bc6
38.Qe6 gxf5 39.Qxf5 Qxf5 40.Bxf5 Rd8 41.Nc4 Bd5 42.Rc1 Bxc4 43.Rxc4 Bf8 44.d7 Be7
45.Re4 Bxg5 46.Rxe5 Kg7 47.Re8 h6 48.g3 Kf7 49.Be6+ Kg7 50.f4 Bf6 51.Kg2 h5
52.a4 Kg6 53.Kf3 Kg7 54.Ke4 Kg6 55.Kd5 h4 56.gxh4 Bxh4 57.Kc6  1-0

[Event "10th Parsvnath Open"]
[Site "New Delhi IND"]
[Date "2012.01.23"]
[Round "11.6"]
[White "Vaibhav,S"]
[Black "Kunte,A"]
[Result "1/2-1/2"]
[WhiteElo "2448"]
[BlackElo "2548"]

1.e4 e5 2.Nf3 Nc6 3.Bb5 a6 4.Ba4 Nf6 5.O-O Be7 6.Re1 b5 7.Bb3 d6 8.c3 O-O
9.h3 Nb8 10.d4 Nbd7 11.Nbd2 Bb7 12.Bc2 Re8 13.a4 Bf8 14.Bd3 c6 15.b3 g6 16.Ba3 Nh5
17.Qc2 Nf4 18.Bf1 Ne6 19.Rad1 Qc7 20.Bb2 Bg7 21.Ba1 bxa4 22.bxa4 d5 23.c4 exd4
24.cxd5 cxd5 25.Qxc7 Nxc7 26.exd5 Bxd5 27.Bxd4 Rxe1 28.Rxe1 Ne6 29.Bxg7  1/2-1/2

[Event "TCh-HUN 2011-12"]
[Site "Mako HUN"]
[Date "2012.01.29"]
[Round "5"]
[White "Szabo,Zso2"]
[Black "Mihok,O"]
[Result "1/2-1/2"]
[WhiteElo "2432"]
[BlackElo "2445"]

1.e4 e5 2.Nf3 Nc6 3.Bb5 a6 4.Ba4 Nf6 5.O-O Be7 6.Re1 b5 7.Bb3 d6 8.c3 O-O
9.h3 Nb8 10.d4 Nbd7 11.Nbd2 Bb7 12.Bc2 Re8 13.b3 Bf8 14.a4 c6 15.Bb2 g6 16.c4 exd4
17.Bxd4 bxc4 18.bxc4 Qc7 19.Rb1 Bg7 20.c5 dxc5 21.Be3 Rad8 22.Bb3 Re7 23.Qc2 a5
24.Bc4 Bc8 25.Qb3 Qa7 26.Bg5 h6 27.e5 hxg5 28.exf6 Nxf6 29.Rxe7 Qxe7 30.Qb6 Nd5
31.Qxc6 Nb4 32.Qxg6 Rd6 33.Qe4 Qd8 34.Nf1 Be6 35.Ng3 Bf6 36.Nh5 Rd1+ 37.Rxd1 Qxd1+
38.Kh2 Qd6+ 39.g3 Bxc4 40.Qxc4 Be7 41.Qe4 Nc6 42.Kg2 Qg6  1/2-1/2

[Event "17th HIT Open A"]
[Site "Nova Gorica SLO"]
[Date "2012.01.29"]
[Round "5"]
[White "Tratar,M"]
[Black "Zorko,Ju"]
[Result "1/2-1/2"]
[WhiteElo "2499"]
[BlackElo "2460"]

1.e4 e5 2.Nf3 Nc6 3.Bb5 a6 4.Ba4 Nf6 5.O-O Be7 6.Re1 b5 7.Bb3 O-O 8.c3 d6
9.h3 Nb8 10.d4 Nbd7 11.Bc2 Bb7 12.Nbd2 Re8 13.Nf1 Bf8 14.Ng3 g6 15.a4 c5
16.d5 c4  1/2-1/2

[Event "ch-TUR 2012"]
[Site "Kemer TUR"]
[Date "2012.02.05"]
[Round "10"]
[White "Yildiz,Huseyin Ertugrul"]
[Black "Temizkan,D"]
[Result "1/2-1/2"]
[WhiteElo "1887"]
[BlackElo "1741"]

1.e4 e5 2.Nf3 Nc6 3.Bb5 a6 4.Ba4 Nf6 5.O-O Be7 6.Re1 b5 7.Bb3 O-O 8.h3 d6
9.c3 Nb8 10.d4 Nbd7 11.Nbd2 Bb7 12.Bc2 Re8 13.Nf1 Bf8 14.Ng3 g6 15.dxe5 dxe5
16.Qe2 c5 17.a4 c4 18.axb5 axb5 19.Rxa8 Qxa8 20.b3 Qa2 21.bxc4 bxc4 22.Bd1 Ra8
23.Qxa2 Rxa2 24.Be2 Bc5 25.Nd2 Ba6 26.Nf3 Ne8 27.Rd1 Nd6 28.Be3 Ba3 29.Bf1 f6
30.Nd2 Nc5 31.Rb1 Bb5 32.Rxb5 Nxb5 33.Bxc4+ Kg7 34.Bxa2 Nxc3 35.Bxc5 Bxc5
36.Bd5 Nd1 37.Nh1 f5 38.Kf1 fxe4 39.Nxe4 Bd4 40.Ke2 Nc3+ 41.Nxc3 Bxc3 42.Ng3 h5
43.Ne4 Bd4 44.Kd3 g5 45.Nxg5 Bxf2 46.Ke4 Kf6 47.Nf3 Bg3 48.Ng1 Bh2 49.Ne2 h4
50.Kf3 Kf5 51.Be4+ Kg5 52.Bc2 Kh5 53.Ke4 Kg5 54.Ba4 Kf6 55.Bd7 Kg5 56.Nc3 Bf4
57.Nd5 Bg3 58.Ne3 Kf6 59.Ng4+ Ke7 60.Nxe5 Kd6 61.Nf3 Kxd7 62.Kf5 Ke7 63.Kg4 Kf6
64.Nxh4 Be1 65.Nf5 Bf2 66.h4 Be1 67.h5 Bd2 68.h6 Kg6 69.g3 Bc1 70.Nd6 Bxh6  1/2-1/2

[Event "Caissa GM Feb 2012"]
[Site "Kecskemet HUN"]
[Date "2012.02.24"]
[Round "7.2"]
[White "Kislik,E"]
[Black "Ilincic,Z"]
[Result "1/2-1/2"]
[WhiteElo "2380"]
[BlackElo "2450"]

1.e4 e5 2.Nf3 Nc6 3.Bb5 a6 4.Ba4 Nf6 5.O-O Be7 6.Re1 b5 7.Bb3 d6 8.c3 O-O
9.h3 Nb8 10.d4 Nbd7 11.Nbd2 Bb7 12.Bc2 Re8 13.Nf1 Bf8 14.Ng3 g6 15.a4 c5
16.d5 c4 17.Bg5 Be7  1/2-1/2

[Event "32nd TCh-IND w 2012"]
[Site "Panaji IND"]
[Date "2012.03.02"]
[Round "5"]
[White "Nimmy,A"]
[Black "Mohota,N"]
[Result "1/2-1/2"]
[WhiteElo "2208"]
[BlackElo "2323"]

1.e4 e5 2.Nf3 Nc6 3.Bb5 a6 4.Ba4 Nf6 5.O-O Be7 6.Re1 b5 7.Bb3 d6 8.c3 O-O
9.h3 Nb8 10.d4 Nbd7 11.Nbd2 Bb7 12.Bc2 Re8 13.Nf1 Bf8 14.Ng3 g6 15.b3 c6
16.Bb2 Bg7 17.a4 Qc7 18.Qd2 Rad8 19.axb5 cxb5 20.d5 Rc8 21.Rec1 Ra8 22.Bd1 Nc5
23.Qe3 Rec8 24.b4 Ncd7 25.c4 bxc4 26.Nd2 Bxd5 27.exd5 Nxd5 28.Rxc4 Nxe3 29.Rxc7 Rxc7
30.fxe3 Rb8 31.Rxa6 Rxb4 32.Ba3 Rb6 33.Ra8+ Bf8 34.Kf2 Kg7 35.e4 Be7 36.Ngf1 Bg5
37.Ne3 Bxe3+ 38.Kxe3 Rc3+ 39.Ke2 Nc5 40.Bxc5 dxc5 41.Ra2 f5 42.Rc2 Rg3 43.Kf2 Rd3
44.Be2 Rd4 45.exf5 Rf4+ 46.Ke3 gxf5 47.Rxc5 Kf6 48.g4 Rfb4 49.gxf5 Rh4 50.Ne4+ Kxf5
51.Bg4+ Rxg4 52.hxg4+ Kxg4 53.Rxe5  1/2-1/2

[Event "ch-CZE U20 2012"]
[Site "Kouty nad Desnou CZE"]
[Date "2012.03.15"]
[Round "9"]
[White "Rabatin,J"]
[Black "Kriebel,T"]
[Result "1/2-1/2"]
[WhiteElo "2159"]
[BlackElo "2333"]

1.e4 e5 2.Nf3 Nc6 3.Bb5 a6 4.Ba4 Nf6 5.O-O Be7 6.Re1 b5 7.Bb3 O-O 8.h3 d6
9.c3 Nb8 10.d4 Nbd7 11.Nbd2 Bb7 12.Bc2 Re8 13.Nf1 Bf8 14.Ng3 g6 15.a4 Bg7
16.d5 Rc8 17.axb5 axb5 18.Be3 Ra8 19.Qd3 Bxd5 20.exd5 e4 21.Nxe4 Nxe4 22.Qxb5 Rb8
23.Qc6 Nef6 24.Rab1 Ne5 25.Nxe5 Rxe5 26.Bd4 Rxe1+ 27.Rxe1 Rxb2 28.Ra1 Qe7
29.Ra8+ Bf8 30.Bxf6 Qxf6 31.Qe8 Qg7 32.Bd3 Rd2 33.Be4 Rd1+ 34.Kh2 Rc1 35.g3 Rxc3
36.Rc8 Rc1 37.Bf3 h5 38.h4 Rc2  1/2-1/2

[Event "ch-Moscow w 2012"]
[Site "Moscow RUS"]
[Date "2012.03.22"]
[Round "6"]
[White "Ambartsumova,K"]
[Black "Severina,M"]
[Result "1/2-1/2"]
[WhiteElo "2318"]
[BlackElo "2221"]

1.e4 e5 2.Nf3 Nc6 3.Bb5 a6 4.Ba4 Nf6 5.O-O Be7 6.Re1 b5 7.Bb3 d6 8.c3 O-O
9.h3 Nb8 10.d4 Nbd7 11.Nbd2 Bb7 12.Bc2 Re8 13.Nf1 Bf8 14.Ng3 g6 15.Bg5 h6
16.Bd2 Bg7 17.a4 c5 18.d5 c4 19.b4 cxb3 20.Bxb3 Nc5 21.c4 bxc4 22.Bxc4 Nfd7
23.Rb1 Rf8 24.Qc2 Rc8 25.Rec1 Qe7 26.Be3 Kh7 27.Rb2 Rc7 28.Nd2 Bf6 29.Nf3 Bg7
30.Rcb1 Rfc8 31.Bf1 Ba8 32.Bd2 Qe8 33.a5 Nf6 34.Qd1 Nfd7 35.Rb4 Rb7 36.Rxb7 Bxb7
37.Bb4 Bf6 38.Nd2 Bd8 39.Nc4 Bc7 40.Qf3 Rb8 41.Bd2 Bc8 42.Rxb8 Bxb8 43.h4 Bc7
44.h5 Qe7 45.Be2 Nf6 46.Qe3 Qf8 47.Bb4 Nfd7 48.Bg4 Bb8 49.Qf3 Qe7 50.Bxc5 dxc5
51.d6 Qe8 52.Qb3 Kg7 53.Ne2 f5 54.exf5 gxh5 55.f6+ Kxf6 56.Qf3+ Kg7 57.Bxh5 Qe6
58.Qg4+ Qxg4 59.Bxg4 Kf7 60.Nb6 Nxb6 61.Bxc8 Nc4 62.Bxa6 Nxa5 63.d7 Ke7 64.Bb5 Nb3
65.Nc3 Nd4 66.Nd5+ Kd8 67.Ba4 Ne6 68.g4 Bd6 69.Ne3 Nf8 70.Nf5 Be7 71.Nxh6 Nxd7
72.Nf7+ Kc7 73.g5 Nf8 74.Bc2 Ne6 75.g6 Bf6 76.Kg2 c4 77.Nh6 c3 78.Nf5 Nf4+
79.Kf3 Nxg6 80.Ne3 Ne7 81.Ke4 Kd6 82.Kd3 Nd5 83.Nxd5  1/2-1/2

[Event "European Senior Teams 2012"]
[Site "Rogaska Slatina SLO"]
[Date "2012.03.30"]
[Round "4.20"]
[White "Ohrn,S"]
[Black "Mira,H"]
[Result "0-1"]
[WhiteElo "1997"]
[BlackElo "2083"]

1.e4 e5 2.Nf3 Nc6 3.Bb5 a6 4.Ba4 Nf6 5.O-O Be7 6.Re1 b5 7.Bb3 d6 8.c3 O-O
9.h3 Nb8 10.d4 Nbd7 11.Nbd2 Bb7 12.Bc2 Re8 13.b3 Bf8 14.d5 c6 15.c4 cxd5
16.cxd5 b4 17.Nc4 a5 18.Be3 Ba6 19.Nfd2 Qc7 20.a3 Nc5 21.axb4 axb4 22.Qb1 Rec8
23.Bd3 Bxc4 24.Rxa8 Bxd3 25.Rxc8 Qxc8 26.Qc1 Nfd7 27.g4 Qd8 28.f3 Be7 29.Kg2 Bh4
30.Rh1 Bg5 31.Nf1 Bxe3 32.Qxe3 Qa5 33.Nd2 Qa2 34.Kg3 Bc2 35.Nc4 Qa6 36.Nd2 Qd3
37.Qxd3 Bxd3 38.Ra1 Kf8 39.Ra5 h6 40.h4 Ke7 41.Kf2 g6 42.Ke3 f5 43.gxf5 gxf5
44.exf5 Bc2 45.Rb5 Nf6 46.Ne4 Nxd5+ 47.Kd2 Bxe4 48.fxe4 Nxe4+  0-1

[Event "IND-ISR Match 2012"]
[Site "New Delhi IND"]
[Date "2012.04.04"]
[Round "7.4"]
[White "Baron,Ta"]
[Black "Adhiban,Baskaran"]
[Result "0-1"]
[WhiteElo "2497"]
[BlackElo "2561"]

1.e4 e5 2.Nf3 Nc6 3.Bb5 a6 4.Ba4 Nf6 5.O-O Be7 6.Re1 b5 7.Bb3 d6 8.c3 O-O
9.h3 Nb8 10.d4 Nbd7 11.c4 c6 12.Nc3 Qc7 13.a3 Bb7 14.Be3 Rad8 15.Rc1 Qb8
16.Qc2 bxc4 17.Bxc4 d5 18.dxe5 Nxe5 19.Nxe5 Qxe5 20.exd5 Bd6 21.f4 Qh5 22.Qf2 cxd5
23.Be2 Qf5 24.Bf3 Ne4 25.Nxe4 dxe4 26.Bg4 Qb5 27.Red1 Bb8 28.Bc5 Rfe8 29.b4 h5
30.Bxh5 e3 31.Qa2 Rd7 32.a4 Qc6 33.Bf3 Rxd1+ 34.Rxd1 Qc7 35.Bd6 Qb6 36.Bc5 Qc7
37.Bxb7 Qxf4 38.g3 Qxg3+ 39.Qg2 e2 40.Qxg3  0-1

[Event "Sydney International Open"]
[Site "Parramatta AUS"]
[Date "2012.04.12"]
[Round "3.17"]
[White "Stead,K"]
[Black "Rej,T"]
[Result "0-1"]
[WhiteElo "2000"]
[BlackElo "2265"]

1.e4 e5 2.Nf3 Nc6 3.Bb5 a6 4.Ba4 Nf6 5.O-O Be7 6.Re1 b5 7.Bb3 d6 8.c3 O-O
9.h3 Nb8 10.d4 Nbd7 11.Nbd2 Bb7 12.a4 c5 13.d5 c4 14.Bc2 Re8 15.Nf1 Bf8 16.Be3 g6
17.Qd2 Bg7 18.g4 Nc5 19.Ng3 Nfd7 20.axb5 axb5 21.Kg2 Qe7 22.h4 Rxa1 23.Rxa1 Ra8
24.Rh1 Bc8 25.Ne1 Nb6 26.Qe2 Nba4 27.Bc1 Rb8 28.Bxa4 bxa4 29.f3 Ba6 30.h5 Bf6
31.Qe3 Nb3 32.g5 Bg7 33.Nc2 Nxc1 34.Qxc1 f6 35.Nb4 Bb5 36.hxg6 hxg6 37.gxf6 Qxf6
38.Qe3 Qf4 39.Qxf4 exf4 40.Ne2 g5 41.Kf2 Kf7 42.Ke1 Bd7 43.Kd2 Rh8 44.Rxh8 Bxh8
45.Nc2 Bc8 46.Ned4 Kg6 47.Nc6 Bh3 48.Ke2 g4 49.fxg4 Bxg4+ 50.Kf2 Bf6 51.N6d4 Bh4+
52.Kg2 Bd1 53.Na3 Kh5 54.Nf3 Be2 55.Nb5 Be7 56.Nbd4 Bd3 57.Nd2 Kg4 58.N4f3 Bf6
59.Nh2+ Kh5 60.Nhf3 Bxc3 61.Nxc4 Bxc4 62.bxc3 a3 63.Nd4 a2 64.Nc2 Bd3 65.Na1 Bxe4+
66.Kf2 Bxd5 67.Ke2 f3+ 68.Kf2 Be4 69.Nb3 d5 70.Na1 Kg5 71.Ke3 Kf5 72.Nb3 Ke5
73.Na1 Kd6 74.Nb3 Kc6 75.Kd2 Kb5 76.Kc1 f2  0-1

[Event "Sydney International Open"]
[Site "Parramatta AUS"]
[Date "2012.04.15"]
[Round "9.1"]
[White "Solomon,SJ"]
[Black "Vajda,Le"]
[Result "0-1"]
[WhiteElo "2375"]
[BlackElo "2597"]

1.e4 e5 2.Nf3 Nc6 3.Bb5 a6 4.Ba4 Nf6 5.O-O Be7 6.Re1 b5 7.Bb3 O-O 8.c3 d6
9.h3 Nb8 10.d4 Nbd7 11.Nbd2 Bb7 12.Bc2 Re8 13.Nf1 Bf8 14.Ng3 g6 15.a4 Bg7
16.d5 Qb8 17.b3 c6 18.c4 b4 19.Be3 c5 20.Qd2 Kh8 21.Nh2 Re7 22.h4 h5 23.Bd1 Qf8
24.Bg5 Ree8 25.Re3 Nh7 26.Nxh5 gxh5 27.Bxh5 Ndf6 28.Qe2 Bc8 29.Re1 Ra7 30.Rg3 Nxh5
31.Qxh5 f6 32.Bc1 Qf7 33.Rg6 Rg8 34.Re3 Bf8 35.Rxg8+ Kxg8 36.Qxf7+ Rxf7 37.g4 Bh6
38.f3 Bxe3+ 39.Bxe3 Bd7 40.Nf1 Bxa4 41.bxa4 b3 42.Bc1 Rb7 43.Bb2 Rb4 44.Kf2 Rxa4
45.Ke3 Rxc4 46.Nd2 Rc2 47.Ba3 b2 48.Bxb2 Rxb2 49.Nc4 Rb3+ 50.Ke2 Kf8 51.Nxd6 a5
52.Nc4 a4 53.g5 fxg5 54.Nxe5 a3 55.Nd7+ Ke7 56.Nxc5 Rb5  0-1

[Event "TCh-CZE Extraliga 2011-12"]
[Site "Czech Republic CZE"]
[Date "2012.04.20"]
[Round "9.1"]
[White "Jaracz,P"]
[Black "Navara,D"]
[Result "1/2-1/2"]
[WhiteElo "2558"]
[BlackElo "2705"]

1.e4 e5 2.Nf3 Nc6 3.Bb5 a6 4.Ba4 Nf6 5.O-O Be7 6.Re1 b5 7.Bb3 d6 8.c3 O-O
9.h3 Nb8 10.d4 Nbd7 11.Nbd2 Bb7 12.Bc2 Re8 13.Nf1 Bf8 14.Ng3 g6 15.a4 c5
16.d5 c4 17.Bg5 h6 18.Be3 Nc5 19.Qd2 h5 20.Bg5 Be7 21.Bh6 Nfd7 22.Qe3 Bf8
23.Ra3 Bxh6 24.Qxh6 Qf6 25.Rea1 Qf4 26.Ng5 Qf6 27.Nf3 Qf4 28.Ng5 Qf6 29.Nf3  1/2-1/2

[Event "TCh-HUN 2011-12"]
[Site "Budapest HUN"]
[Date "2012.04.22"]
[Round "9"]
[White "Tesik,C"]
[Black "Popovics,A"]
[Result "0-1"]
[WhiteElo "2340"]
[BlackElo "2399"]

1.e4 e5 2.Nf3 Nc6 3.Bb5 a6 4.Ba4 Nf6 5.O-O Be7 6.Re1 b5 7.Bb3 d6 8.c3 O-O
9.h3 Nb8 10.d4 Nbd7 11.Nbd2 Bb7 12.a4 c5 13.Bc2 Re8 14.Nf1 Bf8 15.Ng3 g6
16.Be3 Bg7 17.Qd2 exd4 18.cxd4 d5 19.e5 Ne4 20.Nxe4 dxe4 21.Bg5 f6 22.exf6 Nxf6
23.Ne5 Qxd4 24.Bb3+ Bd5 25.Qxd4 cxd4 26.Bxd5+ Nxd5 27.Nc6 h6 28.Bh4 b4 29.Rad1 d3
30.f3 Bxb2 31.fxe4 Nf4 32.e5 g5 33.Bf2 Bc3 34.Re4 b3 35.Bc5 b2 36.Ba3 Ne2+
37.Kf2 Nc1 38.Bxb2 Bxb2 39.Rb4 d2 40.Ke3 Bxe5 41.Kxd2 Na2 42.Rb7 Nc3 43.Rf1 Ne4+
44.Kd1 Bf6 45.Rb4 Kg7  0-1

[Event "TCh-CZE Extraliga 2011-12"]
[Site "Czech Republic CZE"]
[Date "2012.04.22"]
[Round "11.1"]
[White "Azarov,S"]
[Black "Navara,D"]
[Result "0-1"]
[WhiteElo "2648"]
[BlackElo "2705"]

1.e4 e5 2.Nf3 Nc6 3.Bb5 a6 4.Ba4 Nf6 5.O-O Be7 6.Re1 b5 7.Bb3 d6 8.c3 O-O
9.h3 Nb8 10.d4 Nbd7 11.Nbd2 Bb7 12.Bc2 Re8 13.Nf1 Bf8 14.Ng3 g6 15.a4 c5
16.d5 c4 17.Bg5 h6 18.Be3 Nc5 19.Qd2 h5 20.Bg5 Be7 21.Bh6 Nfd7 22.Rf1 Bf8
23.Bg5 Be7 24.Bh6 Bf8 25.Bg5 Be7 26.Be3 Bf6 27.Ng5 Qe7 28.Rae1 Rf8 29.Kh1 bxa4
30.h4 a5 31.f4 exf4 32.Bxf4 Ne5 33.Nf5 gxf5 34.exf5 Ncd3 35.Bxd3 cxd3 36.c4 Rac8
37.Bxe5 dxe5 38.Re4 Ba6 39.Qxd3 Bxg5 40.Qg3 f6 41.hxg5 Qg7 42.Qc3 Qxg5 43.Rf3 Kf7
44.Qxa5 Rg8 45.Rf2 Bxc4 46.Qa7+ Kf8 47.Qd7 Ba6 48.Qd6+ Kg7 49.Qxa6 Rc1+ 50.Kh2 Kh8
51.Qd3 h4 52.Re3 e4 53.Qa3 Rf1  0-1

[Event "TCh-NED Meesterklasse 2011-12"]
[Site "Netherlands NED"]
[Date "2012.04.22"]
[Round "9.1"]
[White "Pruijssers,R"]
[Black "Van der Werf,M"]
[Result "1-0"]
[WhiteElo "2475"]
[BlackElo "2441"]

1.e4 e5 2.Nf3 Nc6 3.Bb5 a6 4.Ba4 Nf6 5.O-O Be7 6.Re1 b5 7.Bb3 d6 8.c3 O-O
9.h3 Nb8 10.d4 Nbd7 11.Nbd2 Bb7 12.Bc2 Re8 13.Nf1 d5 14.dxe5 Nxe4 15.Bf4 Nf8
16.N1d2 Ne6 17.Bh2 Nxd2 18.Qxd2 c5 19.Rad1 Qb6 20.Bg3 Rad8 21.b3 a5 22.a3 d4
23.c4 a4 24.Qd3 g6 25.cxb5 Bxf3 26.gxf3 Rb8 27.bxa4 c4 28.Qxc4 Rec8 29.Qe2 Bxa3
30.Bb3 Bb4 31.Rf1 Bc3 32.f4 Ng7 33.e6 Nxe6 34.f5 Nc5 35.Bd5 Rd8 36.Qc4 Rbc8
37.Bxf7+ Kf8 38.Bg8 Qb7 39.Be6 Nd7 40.Bd6+ Kg7 41.Qe2 d3 42.Rxd3 Bf6 43.fxg6 hxg6
44.Qg4 Rc3 45.Bf5  1-0

[Event "Norsk Sjakkfestival"]
[Site "Fagernes NOR"]
[Date "2012.05.01"]
[Round "5"]
[White "Solodovnichenko,Y"]
[Black "Gullaksen,E"]
[Result "1-0"]
[WhiteElo "2615"]
[BlackElo "2387"]

1.e4 e5 2.Nf3 Nc6 3.Bb5 a6 4.Ba4 Nf6 5.O-O Be7 6.Re1 b5 7.Bb3 d6 8.c3 O-O
9.h3 Nb8 10.d4 Nbd7 11.Nbd2 Bb7 12.Bc2 c5 13.d5 g6 14.Nf1 Nh5 15.Bh6 Re8
16.Qd2 Bf8 17.Bg5 f6 18.Be3 c4 19.g4 Ng7 20.Ng3 Nc5 21.Re2 Bc8 22.Nh2 Ra7
23.Rf1 Rf7 24.f4 Be7 25.Nf3 Qc7 26.Ref2 Ref8 27.f5 gxf5 28.gxf5 Kh8 29.Kh2 Rg8
30.Rg2 Bf8 31.Nh4 Ne8 32.Rfg1 Qe7 33.Qe2 Rfg7 34.b3 cxb3 35.axb3 Bb7 36.b4 Nd7
37.Bd3 Nc7 38.c4 bxc4 39.Bxc4 Qe8 40.Qf1 Qb8 41.Qd1 Qe8 42.Be2 Nb5 43.Bh5 Qe7
44.Bg6 hxg6 45.fxg6 Rxg6 46.Nxg6+ Rxg6 47.Nf5 Rxg2+ 48.Rxg2 Qf7 49.Rg4 Nc3
50.Rh4+ Kg8 51.Qg4+  1-0

[Event "ch-LAT w 2012"]
[Site "Riga LAT"]
[Date "2012.05.01"]
[Round "5"]
[White "Berzina,I"]
[Black "Erneste,I"]
[Result "1-0"]
[WhiteElo "2299"]
[BlackElo "2190"]

1.e4 e5 2.Nf3 Nc6 3.Bb5 a6 4.Ba4 Nf6 5.O-O Be7 6.Re1 b5 7.Bb3 d6 8.c3 O-O
9.h3 Nb8 10.d4 Nbd7 11.Nbd2 Bb7 12.Bc2 Re8 13.Nf1 Bf8 14.Ng3 g6 15.Bg5 h6
16.Bd2 c5 17.d5 c4 18.Nh2 Nc5 19.Rf1 Bg7 20.f4 exf4 21.Rxf4 Nfd7 22.Ng4 Ne5
23.Qf1 Nxg4 24.Rxg4 Bc8 25.Rf4 Ra7 26.Rf3 h5 27.Be3 Rc7 28.Qc1 Be5 29.Bg5 f6
30.Bf4 h4 31.Ne2 g5 32.Bxe5 Rxe5 33.Nd4 Qf8 34.Qe3 Rf7 35.Raf1 Bd7 36.R3f2 Qe7
37.Re2 f5 38.Nf3 f4 39.Qd4 g4 40.Nxe5 dxe5 41.Qf2 f3 42.Rd2 gxh3 43.gxf3 Rg7+
44.Kh1 Rg2 45.Rg1  1-0